000 02289cam a22004934i 4500
003 PE-LiUPU
005 20250731173147.0
008 150623s r 000 0 d
020 _a0825424003
035 _a(Sirsi) i9780825424007
040 _aPE-LiUPU
_bspa
_cPE-LiUPU
_erda
049 _aPRUA
082 0 4 _a297.2
_bC23
_221
100 1 _aCaner, Ergun Mehmet,
_eautor.
245 1 0 _aUnveiling islam :
_ban insider's look at muslim life and beliefs /
_cErgun Mehmet Caner.
264 1 _aGrand Rapids, MI :
_bKregel Publications,
_c2002.
300 _a256 páginas ;
_c22 centímetros
336 _atext
_2rdacontent
337 _aunmediated
_2rdamedia
338 _avolume
_2rdacarrier
500 _aGlosario de términos arábicos islámicos.
504 _aIncluye bibliografía al final de cada capítulo.
505 0 _aSecurity, politics, and Jihad. Muhammad: the militant messenger. The storiy of Islam: a trail of blood. The qur'an:"mother of books". allah: names of terror, names of glory. Fundamentals: the vive Pillar. Women: Love, marriage, and property. Salvation: mathematical reghteousness. Holy days: a calendar of islamic community. Islamic sects and splinters. The illusion of religious liberty: terrorism from within. The bloodshed of jihad. Clash of cultures: christianity through the eyes of the tipical muslim. Jesus according to the Qur'an. Inside the muslim: earning a heraing an winning a soul. Topical index to the qur'an. Christianity and islam: a comparison of beliefs.
526 _aSEG42
526 _aSEG41
526 _aSEG40
526 _aSEG39
526 _aP94
526 _aP87
526 _aP86
526 _aP85
526 _aP77
526 _aP76
526 _aP35
650 0 4 _aCristianismo e islamismo.
650 0 4 _aIslamismo
_xDoctrinas.
650 0 4 _aMusulmanes.
942 _2ddc
_cBOOK
949 _a297.2 C23
_wDEWEY
_c1
_i53332
_lCCODEBUL1
_mBUL
_p13.00
_r0
_sY
_tBOOK
_u2015-6-24
_xTEOLOGIA
_PP35
_0COMPRA
_o.STAFF. Colección General
994 _aC0
_bPEPRU
596 _a1
999 _a297.2 C23
_wDEWEY
_c35296
_i53332
_f2021-11-11
_g5
_lCCODEBUL1
_mBUL
_p13.00
_r0
_sY
_tBOOK
_u2015-6-24
_xTEOLOGIA
_PP35
_0COMPRA
_o.STAFF. Colección General
_d35296
980 _81
_gALBERTO SANCHEZ Responsable de Automatización